书目信息 |
| 题名: |
公路桥梁工程施工要点与技术规范全书
|
|
| 作者: | 谭秉梓 主编 | |
| 分册: | ||
| 出版信息: | 长春 吉林科学技术出版社 2002 |
|
| 页数: | 512页 | |
| 开本: | 26cm | |
| 丛书名: | ||
| 单 册: | ||
| 中图分类: | U448.145 , TS972.12 | |
| 科图分类: | ||
| 主题词: | 公路桥--桥梁工程--工程施工--基本知识 , 公路桥 , 桥梁工程 , 饮食业--供应技术 | |
| 电子资源: | ||
| ISBN: | 7-5384-2510-1 | |
| 000 | 00922nam0 2200265 450 | |
| 001 | 1575180277 | |
| 005 | 20150129205413.39 | |
| 010 | @a7-5384-2510-1@b精装@dCNY24.00 | |
| 100 | @a20020702d2002 em y0chiy0110 ea | |
| 101 | 0 | @achi |
| 102 | @aCN@b220000 | |
| 105 | @ay z 000yy | |
| 200 | 1 | @a公路桥梁工程施工要点与技术规范全书@9gong lu qiao liang gong cheng shi gong yao dian yu ji shu gui fan quan shu@f谭秉梓主编 |
| 210 | @a长春@c吉林科学技术出版社@d2002 | |
| 215 | @a512页@d26cm | |
| 330 | @a本书包括:公路工程总论、公路地基工程施工要点与技术规范、路面施工要点与技术规范、桥梁工程分述、桥梁基础施工要求与技术规范等七篇内容。 | |
| 606 | 0 | @a公路桥@x桥梁工程@x工程施工@x基本知识 |
| 606 | 0 | @a公路桥 |
| 606 | 0 | @a桥梁工程 |
| 606 | 0 | @a饮食业@x供应技术 |
| 690 | @aU448.145@v5 | |
| 690 | @aTS972.12@v4 | |
| 701 | 0 | @a谭秉梓@9tan bing zi@4主编 |
| 801 | 0 | @aCN@bTSSF@c20150129 |
| 905 | @aZUCC@dTS972.12@eJY90 | |
| 公路桥梁工程施工要点与技术规范全书/谭秉梓主编.-长春:吉林科学技术出版社,2002 |
| 512页;26cm |
| ISBN 7-5384-2510-1(精装):CNY24.00 |
| 本书包括:公路工程总论、公路地基工程施工要点与技术规范、路面施工要点与技术规范、桥梁工程分述、桥梁基础施工要求与技术规范等七篇内容。 |
| ● |
| 相关链接 |
|
|
|
|
正题名:公路桥梁工程施工要点与技术规范全书
索取号:TS972.12/JY90
 
预约/预借
| 序号 | 登录号 | 条形码 | 馆藏地/架位号 | 状态 | 备注 |
| 1 | 7862290 | 278622901 | 学院路分馆/ [索取号:TS972.12/JY90] | 在馆 | |
| 2 | 7862291 | 278622910 | 学院路分馆/ [索取号:TS972.12/JY90] | 在馆 | |
| 3 | 7862292 | 278622929 | 学院路分馆/ [索取号:TS972.12/JY90] | 在馆 | |
| 4 | 7862293 | 278622938 | 学院路分馆/ [索取号:TS972.12/JY90] | 在馆 |